000 00673nam a2200265Ia 4500
005 20260121165249.0
008 008 260114s9999 xx 000 0 eng d
020 _a9783319469898
037 _aEBOOK
040 _aCRL
040 _beng
040 _cCRL
041 _2eng
041 _aeng
084 _qCRL
100 _aDelphine Antoine-Mahut, Stephen Gaukroger
_91049541
245 0 _aDescartes’ Treatise on Man and its Reception
260 _bSpringer
260 _bSpringer
260 _c2016
856 _uhttps://link.springer.com/openurl?genre=book&isbn=978-3-319-46989-8
942 _cEBOOK
999 _c1615266
_d1615266